000 00712nam a2200229 a 4500
999 _c2000
_d2000
001 2000
003 BD-JhCC
005 20171028121852.0
008 171028s2000 bg |||| ||a| 000 0 ben d
020 _a9840739263
035 _a(BD-JhCC) 2000
040 _aBD-JhCC
_dBD-JhCC
041 _aben
082 _a305.4895492
_bCHO 2000
100 _aচৌধুরী, তিতাশ
245 _aবৈশাখ ও আমাদের ঐতিহ্যচেতনা /
_cতিতাশ চৌধুরী
260 _aঢাকা :
_bবাংলা একাডেমী ঢাকা ,
_c2000
300 _a204 p .:
_c22 cm .
650 _aSocial life and customs
942 _2ddc
_cBK